01140nam a2200301 a 4500999001500000001000600015003000900021005001700030008004100047020001500088020001800103040003800121082001900159100003400178245012400212250001200336260005000348300003000398490002400428504004100452526000800493600005400501650002000555700001700575942001200592952011700604952011700721 c3806d380618465BD-DhUAP20200312122215.0170307r20021930enk b 000 0 eng d a0415253950 a9780415253956 aBD-DhUAPcBD-DhUAPdBD-DhUAPbEng00a822.33 KNI2231 aKnight, George Wilson.92106914aThe wheel of fire :binterpretations of Shakespearian tragedy /cG. Wilson Knight ; with an introduction by T.S. Eliot. a4th ed. aLondon ;bRoutledge,cc1989 [Reprinted 2008]. axxii, 393 pages ;c21 cm. 0aRoutledge classics. aIncludes bibliographical references. aENH10aShakespeare, Williamd1564-1616xTragedies921070 0aTragedy.921071 aEliot, T.S.  2ddccBK 00102ddc4070aUAPCLbUAPCLcGeneral Stacksd2020-03-12o822.33 KNIp3010018465r2020-03-12t1w2020-03-12yBK 00102ddc4070aUAPCLbUAPCLcGeneral Stacksd2020-12-29o822.33 KNIp3010020245r2020-12-29t2w2020-12-29yBK